000 00575 a2200181 4500
005 20260406145554.0
008 260328b |||||||| |||| 00| 0 eng d
020 _a8126408545
080 _aFM
_bCOE/VR
100 _a Coelho,Paulo
245 _aVeronica marikkan theerumanikkunnu(വെറോനിക്ക മരിക്കാൻ തീരുമാനിക്കുന്നു)
250 _a10th ed.
260 _bD C books
_aKottayam.
_c2023.
300 _a206p.
653 _aFiction-Novel-Malayalam translation
700 _aSreekumar A.V;tr.by
942 _cOO
999 _c115300
_d115299